| 000 | 00454nam a2200169Ia 4500 | ||
|---|---|---|---|
| 008 | 160114s9999 xx 000 0 und d | ||
| 020 | _a0-755435052 | ||
| 050 | _a796 | ||
| 050 | _b.G786 2005 | ||
| 245 | _a100 Greats in Sports / | ||
| 260 |
_aUnited Kingdom : _bGrandreams Books Ltd. _c2005 |
||
| 300 |
_a46 pages; _bcolor illustrations ; _c30 cm |
||
| 650 | _aAthletes -- | ||
| 650 | _aSports -- | ||
| 650 | _xBiography. | ||
| 650 | _xBiography. | ||
| 999 |
_c290315 _d290315 |
||